000 00376 a2200157 4500
001 75512
020 _a859855309-3
040 _cAnchieta - Colégio São Paulo
100 _aCedraz, Antônio Luiz Ramos
240 1 0 _aA turma do Xaxado - Vol 1
_lpor
245 1 0 _aA turma do Xaxado - Vol 1
300 _a32
362 0 _a2006
650 4 _aLiteratura infantil
942 _cBK
999 _c75512
_d75512